| Поле | Название | Значение |
| |
Тип записи |
c |
| |
Библиографический уровень |
m |
| 001 |
Контрольный номер |
RU/УОНБ/EK_N/322865430 |
| 005 |
Дата корректировки |
20260423115442.2 |
| 010 |
Индекс ISBN |
__ |
| a |
ISBN |
5-7107-2412-2 |
| 9 |
Тираж |
10000 экз. |
| 013 |
Номер (ISMN) |
__ |
| d |
Цена |
50 р. |
| 100 |
Данные общей обработки |
__ |
| a |
Данные общей обработки |
20190524d1999 m y0rusy0103 ca |
| 101 |
Язык документа |
0_ |
| a |
Язык текста |
rus |
| f |
Язык титульного листа |
rus |
| 102 |
Страна публикации |
__ |
| a |
Страна публикации |
RU |
| 125 |
Кодированные данные звукозаписи и нотных изданий |
__ |
| a |
Форма изложения нотного текста |
с| |
| 128 |
Кодированные данные (звукозаписи-физические характеристики) |
__ |
| a |
Кодированные данные: Музыкальная форма и тональность или лад |
zz |
| c |
Инструменты или голоса, рекомендуемые для солистов (устаревшее) |
ka|| |
| c |
Инструменты или голоса, рекомендуемые для солистов (устаревшее) |
vu|| |
| 200 |
Заглавие и сведения об ответственности |
1_ |
| a |
Заглавие |
Музыка. |
| e |
Сведения, относящиеся к заглавию |
6 класс |
| e |
Сведения, относящиеся к заглавию |
нотная хрестоматия и методические рекомендации для учителя |
| e |
Сведения, относящиеся к заглавию |
методическое пособие |
| f |
Первые сведения об ответственности |
составители Т. И. Науменко, В. В. Алеев |
| 203 |
Вид содержания и тип средства |
__ |
| a |
Вид содержания |
Музыка |
| b |
Характеристика содержания |
знаковая |
| c |
Тип средства |
непосредственная |
| 210 |
Выходные данные |
1_ |
| a |
Место издания |
Москва |
| c |
Издательство |
Дрофа |
| d |
Дата издания |
1999 |
| 215 |
Физическое описание |
__ |
| a |
Объем |
192 с. |
| d |
Формат |
29 см |
| 327 |
Примечание о содержании |
11 |
| a |
Примечание о содержании |
Содерж.: Брамс И. Симфония № 3 : 3-я ч. : фрагмент. Варламов А. На заре ты ее не буди / сл. А. Фета. Дебюсси К. Сирены : из симф. цикла "Ноктюрны" : фрагмент ; Шаги на снегу : прелюдия ; Лунный свет : из "Бергамасской сюиты". Бетховен Л. Симфония № 9 : 4 ч. : фрагмент ; Соната для фортепиано № 17 : 3 ч. : фрагмент ; Симфония № 5 : 1 ч. : фрагмент ; Симфония № 7 : 2 ч. : фрагмент ; Симфония № 6 : 4 ч. : Гроза. Буря. Штраус И. Сказки Венского леса. Шопен Ф. Мазурка Си бемоль мажор : соч. 7 № 1 ; Полонез Ля мажор : соч. 40 № 1. Равель М. Болеро : перелож. для фп. : фрагмент. Хачатурян А. Танец с саблями из балета "Гаянэ". Бах И. С. Органная хоральная прелюдия фа минор ; Прелюдия До мажор : из 1 т. "ХТК" ; Хор из Мессы си минор ; Скерцо из Сюиты для оркестра № 2. Россини Дж. Неаполитанская тарантелла / сл. К. Пеполи. Шуберт Ф. Серенада / сл. Л. Рельштаба. Моцарт В. А. Маленькая ночная серенада : 1 ч. ; Реквием : Лакримоза ; Симфония № 40 : 1 ч. Чайковский П. Па-де-де из балета "Щелкунчик". Лист Ф. Радость и горе / сл. И. В. Гете. Бизе Ж. Увертюра к опере "Кармен" ; Утро в горах : антракт к 3 д. из оперы "Кармен". Гайдн Й. Квартет ре минор : соч. 76 № 2 : 3-я ч. Бородин А. Хор поселян из оперы "Князь Игорь". Рахманинов С. Сирень / сл. Ек. Бекетовой ; Весенние воды / сл. Ф. Тютчева ; Вокализ. Римский-Корсаков Н. Шествие чуд морских из оперы "Садко" ; Три чуда : фрагмент ; Полет Шмеля из оперы "Сказка о царе Салтане". Мессиан О. Пробуждение птиц : фрагмент. Сен-Санс К. Лебедь : из цикла "Карнавал животных". Мусоргский М. Балет невылупившихся птенцов : из цикла "Картинки с выставки". Альбинони Т. Адажио : перелож. для скрипки и фортепиано |
| 464 |
Аналитический уровень |
_0 |
| 1 |
|
2001 |
| a |
|
Симфония № 3 |
| e |
|
3 ч. |
| e |
|
фрагмент |
| 1 |
|
700 1 |
| a |
|
Брамс |
| b |
|
И. |
| 464 |
Аналитический уровень |
_0 |
| 1 |
|
700 1 |
| a |
|
Варламов |
| b |
|
А. |
| 1 |
|
702 1 |
| a |
|
Фет |
| b |
|
А. |
| 4 |
|
520 |
| 1 |
|
2001 |
| a |
|
На заре ты ее не буди |
| 464 |
Аналитический уровень |
_0 |
| 1 |
|
700 1 |
| a |
|
Дебюсси |
| b |
|
К. |
| 1 |
|
2001 |
| a |
|
Сирены |
| e |
|
из симфонического цикла "Ноктюрны" |
| 1 |
|
50010 |
| a |
|
Ноктюрны |
| 464 |
Аналитический уровень |
_0 |
| 1 |
|
2001 |
| a |
|
Симфония № 9 |
| e |
|
4 ч. |
| e |
|
фрагмент |
| 1 |
|
700 1 |
| a |
|
Бетховен |
| b |
|
Л. |
| 464 |
Аналитический уровень |
_0 |
| 1 |
|
2001 |
| a |
|
Соната для фортепиано № 17 |
| 1 |
|
700 1 |
| a |
|
Бетховен |
| b |
|
Л. |
| 464 |
Аналитический уровень |
_0 |
| 1 |
|
2001 |
| a |
|
Сказки Венского леса |
| 1 |
|
700 1 |
| a |
|
Штраус |
| b |
|
И. |
| 464 |
Аналитический уровень |
_0 |
| 1 |
|
2001 |
| a |
|
Мазурка Си бемоль мажор |
| 1 |
|
700 1 |
| a |
|
Шопен |
| b |
|
Ф. |
| 464 |
Аналитический уровень |
_0 |
| 1 |
|
2001 |
| a |
|
Болеро |
| 1 |
|
700 1 |
| a |
|
Равель |
| b |
|
М. |
| 464 |
Аналитический уровень |
_0 |
| 1 |
|
2001 |
| a |
|
Танец с саблями |
| e |
|
из балета "Гаянэ" |
| 1 |
|
700 1 |
| a |
|
Хачатурян |
| b |
|
А. |
| 1 |
|
50010 |
| a |
|
Гаянэ |
| 464 |
Аналитический уровень |
_0 |
| 1 |
|
2001 |
| a |
|
Симфония № 5 |
| e |
|
1 ч. |
| e |
|
фрагмент |
| 1 |
|
700 1 |
| a |
|
Бетховен |
| b |
|
Л. |
| 464 |
Аналитический уровень |
_0 |
| 1 |
|
2001 |
| a |
|
Органная хоральная прелюдия фа минор |
| 1 |
|
700 1 |
| a |
|
Бах |
| b |
|
И. С. |
| 464 |
Аналитический уровень |
_0 |
| 1 |
|
036 |
| t |
|
Нина, Нина, тарантелла... |
| 1 |
|
700 1 |
| a |
|
Россини |
| b |
|
Дж. |
| 1 |
|
702 1 |
| a |
|
Пеполи |
| b |
|
К. |
| 4 |
|
520 |
| 1 |
|
2001 |
| a |
|
Неаполитанская тарантелла |
| 464 |
Аналитический уровень |
_0 |
| 1 |
|
036 |
| t |
|
Песнь моя летит с мольбою... |
| 1 |
|
700 1 |
| a |
|
Шуберт |
| b |
|
Ф. |
| 1 |
|
702 1 |
| a |
|
Рельштаб |
| b |
|
Л. |
| 1 |
|
702 1 |
| a |
|
Огарев |
| b |
|
Н. |
| 4 |
|
730 |
| 1 |
|
2001 |
| a |
|
Серенада |
| 464 |
Аналитический уровень |
_0 |
| 1 |
|
2001 |
| a |
|
Маленькая ночная серенада |
| 1 |
|
700 1 |
| a |
|
Моцарт |
| b |
|
В. А. |
| 464 |
Аналитический уровень |
_0 |
| 1 |
|
2001 |
| a |
|
Лакримоза |
| e |
|
из Реквиема |
| 1 |
|
700 1 |
| a |
|
Моцарт |
| b |
|
В. А. |
| 1 |
|
50010 |
| a |
|
Реквием |
| 464 |
Аналитический уровень |
_0 |
| 1 |
|
2001 |
| a |
|
Па-де-де из балета "Щелкунчик" |
| 1 |
|
700 1 |
| a |
|
Чайковский |
| b |
|
П. И. |
| 1 |
|
50010 |
| a |
|
Щелкунчик |
| 464 |
Аналитический уровень |
_0 |
| 1 |
|
2001 |
| a |
|
Прелюдия До мажор |
| e |
|
из 1 т. Хорошо темперированного клавира |
| 1 |
|
700 1 |
| a |
|
Бах |
| b |
|
И. С. |
| 1 |
|
50010 |
| a |
|
Хорошо темперированный клавир |
| 464 |
Аналитический уровень |
_0 |
| 1 |
|
700 1 |
| a |
|
Бах |
| b |
|
И. С. |
| 1 |
|
2001 |
| a |
|
Хор из мессы си минор |
| e |
|
фрагмент |
| 1 |
|
50010 |
| a |
|
Месса си минор |
| 464 |
Аналитический уровень |
_0 |
| 1 |
|
700 1 |
| a |
|
Бах |
| b |
|
И. С. |
| 1 |
|
2001 |
| a |
|
Скерцо из сюиты для оркестра № 2 |
| 1 |
|
50010 |
| a |
|
Сюита для оркестра № 2 |
| 464 |
Аналитический уровень |
_0 |
| 1 |
|
700 1 |
| a |
|
Моцарт |
| b |
|
В. А. |
| 1 |
|
2001 |
| a |
|
Симфония № 40 |
| e |
|
1 ч. |
| 464 |
Аналитический уровень |
_0 |
| 1 |
|
036 |
| t |
|
Радость и горе и мудрость познать... |
| 1 |
|
700 1 |
| a |
|
Лист |
| b |
|
Ф. |
| 1 |
|
7021 |
| a |
|
Гете |
| b |
|
И. В. |
| 4 |
|
520 |
| 1 |
|
2001 |
| a |
|
Радость и горе |
| 464 |
Аналитический уровень |
_0 |
| 1 |
|
2001 |
| a |
|
Увертюра к опере "Кармен" |
| 1 |
|
700 1 |
| a |
|
Бизе |
| b |
|
Ж. |
| 1 |
|
50010 |
| a |
|
Кармен |
| 464 |
Аналитический уровень |
_0 |
| 1 |
|
2001 |
| a |
|
Шаги на снегу |
| e |
|
прелюдия |
| 1 |
|
700 1 |
| a |
|
Дебюсси |
| b |
|
К. |
| 464 |
Аналитический уровень |
_0 |
| 1 |
|
2001 |
| a |
|
Лунный свет |
| e |
|
из "Бергамасской сюиты" |
| 1 |
|
700 1 |
| a |
|
Дебюсси |
| b |
|
К. |
| 1 |
|
50010 |
| a |
|
Бергамасская сюита |
| 464 |
Аналитический уровень |
_0 |
| 1 |
|
2001 |
| a |
|
Симфония № 7 |
| e |
|
2 ч. |
| e |
|
фрагмент |
| 1 |
|
700 1 |
| a |
|
Бетховен |
| b |
|
Л. |
| 464 |
Аналитический уровень |
_0 |
| 1 |
|
2001 |
| a |
|
Квартет ре минор |
| e |
|
соч. 76 № 2 |
| 1 |
|
700 1 |
| a |
|
Гайдн |
| b |
|
Й. |
| 464 |
Аналитический уровень |
_0 |
| 1 |
|
036 |
| t |
|
Ох, не буйный ветер завывал... |
| 1 |
|
700 1 |
| a |
|
Бородин |
| b |
|
А. |
| 1 |
|
2001 |
| a |
|
Хор поселян из оперы "Князь Игорь" |
| 1 |
|
50010 |
| a |
|
Князь Игорь |
| 464 |
Аналитический уровень |
_0 |
| 1 |
|
036 |
| t |
|
Поутру, на заре, по росистой траве... |
| 1 |
|
700 1 |
| a |
|
Рахманинов |
| b |
|
С. |
| 1 |
|
702 1 |
| a |
|
Бекетова |
| b |
|
Е. |
| 4 |
|
520 |
| 1 |
|
2001 |
| a |
|
Сирень |
| 464 |
Аналитический уровень |
_0 |
| 1 |
|
036 |
| t |
|
Ещё в полях белеет снег... |
| 1 |
|
700 1 |
| a |
|
Рахманинов |
| b |
|
С. |
| 1 |
|
7021 |
| a |
|
Тютчев |
| b |
|
Ф. |
| 4 |
|
520 |
| 1 |
|
2001 |
| a |
|
Весенние воды |
| 464 |
Аналитический уровень |
_0 |
| 1 |
|
2001 |
| a |
|
Шествие чуд морских из оперы "Садко" |
| 1 |
|
700 1 |
| a |
|
Римский-Корсаков |
| b |
|
Н. |
| 1 |
|
50010 |
| a |
|
Садко |
| 464 |
Аналитический уровень |
_0 |
| 1 |
|
2001 |
| a |
|
Три чуда |
| e |
|
из оперы "Сказка о царе Салтане" |
| e |
|
фрагмент |
| 1 |
|
700 1 |
| a |
|
Римский-Корсаков |
| b |
|
Н. |
| 1 |
|
50010 |
| a |
|
Сказка о царе Салтане |
| 464 |
Аналитический уровень |
_0 |
| 1 |
|
2001 |
| a |
|
Пробуждение птиц |
| e |
|
фрагмент |
| 1 |
|
700 1 |
| a |
|
Мессиан |
| b |
|
О. |
| 464 |
Аналитический уровень |
_0 |
| 1 |
|
2001 |
| a |
|
Лебедь |
| e |
|
из цикла "Карнавал животных" |
| 1 |
|
700 1 |
| a |
|
Сен-Санс |
| b |
|
К. |
| 1 |
|
50010 |
| a |
|
Карнавал животных |
| 464 |
Аналитический уровень |
_0 |
| 1 |
|
2001 |
| a |
|
Балет невылупившихся птенцов |
| e |
|
из цикла "Картинки с выставки" |
| 1 |
|
700 1 |
| a |
|
Мусоргский |
| b |
|
М. |
| 1 |
|
50010 |
| a |
|
Картинки с выставки |
| 464 |
Аналитический уровень |
_0 |
| 1 |
|
700 1 |
| a |
|
Альбинони |
| b |
|
Т. |
| 1 |
|
2001 |
| a |
|
Адажио |
| e |
|
переложение для скрипки и фортепиано |
| 464 |
Аналитический уровень |
_0 |
| 1 |
|
700 1 |
| a |
|
Бетховен |
| b |
|
Л. |
| 1 |
|
2001 |
| a |
|
Симфония № 6 |
| e |
|
(Гроза. Буря) |
| e |
|
4 ч. |
| e |
|
фрагмент |
| 1 |
|
50010 |
| a |
|
Гроза. Буря |
| 464 |
Аналитический уровень |
_0 |
| 1 |
|
2001 |
| a |
|
Вокализ |
| 1 |
|
700 1 |
| a |
|
Рахманинов |
| b |
|
С. |
| 464 |
Аналитический уровень |
_0 |
| 1 |
|
2001 |
| a |
|
Полонез Ля мажор |
| e |
|
соч. 40 № 1 |
| 1 |
|
700 1 |
| a |
|
Шопен |
| b |
|
Ф. |
| 464 |
Аналитический уровень |
_0 |
| 1 |
|
2001 |
| a |
|
Утро в горах |
| e |
|
антракт к 3 д. из оперы "Кармен" |
| 1 |
|
700 1 |
| a |
|
Бизе |
| b |
|
Ж. |
| 1 |
|
50010 |
| a |
|
Кармен |
| 464 |
Аналитический уровень |
_0 |
| 1 |
|
2001 |
| a |
|
Полет Шмеля |
| e |
|
из оперы "Сказка о царе Салтане" |
| 1 |
|
700 1 |
| a |
|
Римский-Корсаков |
| b |
|
Н. |
| 1 |
|
50010 |
| a |
|
Сказка о царе Салтане |
| 606 |
Тематические рубрики |
0_ |
| a |
Основная рубрика |
Школьное музыкальное воспитание |
| x |
Основная подрубрика |
Переложения классических произведений |
| x |
Основная подрубрика |
Фортепиано |
| 610 |
Ключевые слова |
0_ |
| a |
Ключевые слова |
учебно-методические пособия |
| 610 |
Ключевые слова |
0_ |
| a |
Ключевые слова |
переложения классических произведений |
| 610 |
Ключевые слова |
0_ |
| a |
Ключевые слова |
хрестоматии для общеобразовательных школ |
| 686 |
Индексы других классификаций |
__ |
| a |
Классификационный индекс |
85.98я72 |
| 2 |
Код системы |
rubbk |
| 702 |
Вторичная интеллектуальная ответственность |
_1 |
| a |
Фамилия |
Науменко |
| b |
Имя (инициалы) |
Т. И. |
| g |
Полное личное имя |
Татьяна Ивановна |
| 4 |
Код отношения |
220 |
| 702 |
Вторичная интеллектуальная ответственность |
_1 |
| a |
Фамилия |
Алеев |
| b |
Имя (инициалы) |
В. В. |
| g |
Полное личное имя |
Виталий Владимирович |
| 4 |
Код отношения |
220 |
| 801 |
Источник записи |
_0 |
| a |
Страна |
RU |
| b |
Организация |
Ульяновская ОНБ |
| c |
Дата составления |
20190524 |
| g |
Правила каталогизации |
PSBO |
| 801 |
Источник записи |
_1 |
| a |
Страна |
RU |
| b |
Организация |
Ульяновская ОНБ |
| c |
Дата составления |
20190524 |
| 901 |
Тип документа |
__ |
| t |
Тип документа |
m |
| 909 |
Создатель записи |
__ |
| a |
Создатель записи |
Никитина Т. А. |
| 910 |
Корректоры записи |
__ |
| a |
Корректор записи |
Никитина Т. А. |
| b |
Дата внесения изменения в запись |
20260423 |
| 938 |
Служебная информация |
__ |
| a |
Имя БД |
noti |
| b |
Имя библиотеки |
УОНБ |
| c |
Имя АИБС |
МАРК-SQL |
| d |
Номер DOC_ID в БД |
7152 |